恐懼炸彈

資料類型: Book 圖書   書目號:35633

Leader xxxxxxxxxx
001 __ PCLIS00035633
005 __ 20211206112958.0
010 0_ |a986-7450-34-5|b平裝|dNT$260
100 __ |a20051007d2005    m  y0chiy09      e
101 0_ |achi
102 __ |atw
105 __ |ay   z   000ay
200 1_ |a恐懼炸彈|f九把刀著
205 __ |a初版
210 __ |a臺北市|c蓋亞|d2004[民93]
215 0_ |a312面|d20公分
225 _2 |a都市恐怖病|v1
410 _0 |12001 |a都市恐怖病|v1
517 1_ |a都市恐怖病|h第一部
517 1_ |aCityfear|zeng
681 __ |a857.83|b8656
700 _0 |a九把刀|4801 _0 |atw|b內湖高中|c20051007|gCCR
詳細館藏(共 1 筆)
索 書 號登 錄 號冊次號館別 / 館藏地流通類型狀態加入預約清單電子資源
857.83 / 8656 1015020  圖書館 / 一樓普通區 可外借30天 在館   

| 條列資料




目錄查詢 分類查詢 個人資料 圖書薦購 新書查詢 閉館日 排行榜 更多電子資源 Hami書城 線上資料庫 登出

From : 216.73.217.87

  本日流通累計至 21:12:24 借閱 : 1 次 續借 : 0 次 歸還 : 2 次 預約 : 0 次 電子資源 : 0 次


內湖高中圖書館  PCLIS 版本  26.5.0.12